The Great ideas today. (Record no. 3589)
[ view plain ]
| 000 -LEADER | |
|---|---|
| fixed length control field | 01035cas a2200385 a 4500 |
| 001 - CONTROL NUMBER | |
| control field | 61065561 |
| 003 - CONTROL NUMBER IDENTIFIER | |
| control field | OSt |
| 005 - DATE AND TIME OF LATEST TRANSACTION | |
| control field | 20140310181800.0 |
| 008 - FIXED-LENGTH DATA ELEMENTS--GENERAL INFORMATION | |
| fixed length control field | 901229u19619999iluar1 y 0uu1 0eng |
| 010 ## - LIBRARY OF CONGRESS CONTROL NUMBER | |
| LC control number | 61065561 |
| 020 ## - INTERNATIONAL STANDARD BOOK NUMBER | |
| International Standard Book Number | 0852293763 |
| 022 ## - INTERNATIONAL STANDARD SERIAL NUMBER | |
| International Standard Serial Number | 00727288 |
| 035 ## - SYSTEM CONTROL NUMBER | |
| System control number | CUW000097963 |
| 049 ## - LOCAL HOLDINGS (OCLC) | |
| Holding library | na |
| 050 ## - LIBRARY OF CONGRESS CALL NUMBER | |
| Classification number | AY 59 |
| Item number | .G786 1980 |
| 082 00 - DEWEY DECIMAL CLASSIFICATION NUMBER | |
| Classification number | REF 333.79 |
| Item number | G798 1980 |
| 090 ## - LOCALLY ASSIGNED LC-TYPE CALL NUMBER (OCLC); LOCAL CALL NUMBER (OCLC) | |
| Classification number (OCLC) (R) ; Classification number, CALL (RLIN) (NR) | AY59.G7 |
| 245 04 - TITLE STATEMENT | |
| Title | The Great ideas today. |
| 260 00 - PUBLICATION, DISTRIBUTION, ETC. (IMPRINT) | |
| Place of publication, distribution, etc | Chicago : |
| Name of publisher, distributor, etc | Encyclopaedia Britannica, Inc. ; |
| Date of publication, distribution, etc | c1980. |
| 300 ## - PHYSICAL DESCRIPTION | |
| Extent | ill. (part col.) ports. ; |
| Dimensions | 25 cm. |
| 362 0# - DATES OF PUBLICATION AND/OR SEQUENTIAL DESIGNATION | |
| Dates of publication and/or sequential designation | 1961- |
| 520 ## - SUMMARY, ETC. | |
| Summary, etc | 1. World energy |
| 521 ## - TARGET AUDIENCE NOTE | |
| Target audience note | |
| 541 ## - IMMEDIATE SOURCE OF ACQUISITION NOTE | |
| -- | 1 |
| 541 ## - IMMEDIATE SOURCE OF ACQUISITION NOTE | |
| -- | 2 |
| 555 ## - CUMULATIVE INDEX/FINDING AIDS NOTE | |
| Cumulative index/finding aids note | 1961-70 in 1970. |
| 562 ## - COPY AND VERSION IDENTIFICATION NOTE | |
| Number of copies | 2 |
| 570 ## - EDITOR NOTE (SE) [OBSOLETE] | |
| Editor note | Editors: 1961- R. M. Hutchins and M. J. Adler. |
| 650 #0 - SUBJECT ADDED ENTRY--TOPICAL TERM | |
| Topical term or geographic name as entry element | Yearbooks. |
| 700 1# - ADDED ENTRY--PERSONAL NAME | |
| Personal name | Hutchins, Robert Maynard, |
| Dates associated with a name | 1899-1977. |
| 700 1# - ADDED ENTRY--PERSONAL NAME | |
| Personal name | Adler, Mortimer Jerome, |
| Dates associated with a name | 1902-2001. |
| 910 ## - USER-OPTION DATA (OCLC) | |
| User-option data | /w/ |
| 942 ## - ADDED ENTRY ELEMENTS (KOHA) | |
| Source of classification or shelving scheme | Library of Congress Classification |
| Koha item type | |
| Call number prefix | |
| 949 ## - LOCAL PROCESSING INFORMATION (OCLC) | |
| a | na |
| b | 007158008 |
| n | 1961 |
| t | mono |
| Withdrawn status | Lost status | Source of classification or shelving scheme | Damaged status | Home library | Current library | Shelving location | Date acquired | Total Checkouts | Full call number | Barcode | Date last seen | Copy number | Price effective from | Koha item type |
|---|---|---|---|---|---|---|---|---|---|---|---|---|---|---|
| Library of Congress Classification | Luxembourg Library | Luxembourg Library | Reference Section | 07/02/2013 | AY 59 .G786 1980 | 2518 | 08/13/2013 | 1 | 07/02/2013 | Books | ||||
| Library of Congress Classification | Luxembourg Library | Luxembourg Library | Reference Section | 07/02/2013 | AY 59 .G786 1982 | 2519 | 08/13/2013 | 2 | 07/02/2013 | Books |